[Event "Bergheim op"]
[Site "Bergheim"]
[Date "2003.09.14"]
[Round "7"]
[White "Richrath, Martin"]
[Black "Eckert, Jan Henning"]
[Result "1/2-1/2"]
[WhiteElo "1807"]
[BlackElo "1909"]
[PlyCount "32"]
[EventDate "2003.09.11"]
[EventType "swiss"]
[EventRounds "7"]
[EventCountry "GER"]
[SourceTitle "EXT 2006"]
[Source "ChessBase"]
[SourceDate "2005.11.24"]
[SourceVersion "1"]
[SourceVersionDate "2005.11.24"]
[SourceQuality "1"]

1. e4 c5 2. Nc3 Nc6 3. g3 g6 4. Bg2 Bg7 5. d3 d6 6. Nf3 e5 7. Be3 Nge7 8. 0-0 0-0 9. Qd2 Nd4 10. Nh4 Rb8 11. f4 exf4 12. Bxf4 Be6 13. Nd1 Kh8 14. c3 Ndc6 15. Nf2 Qd7 16. Nf3 f5 1/2-1/2

[Event "Bergheim op"]
[Site "Bergheim"]
[Date "2003.09.12"]
[Round "2"]
[White "Eckert, Jan Henning"]
[Black "Morsch, Andreas"]
[Result "1/2-1/2"]
[WhiteElo "1909"]
[BlackElo "1770"]
[PlyCount "80"]
[EventDate "2003.09.11"]
[EventType "swiss"]
[EventRounds "7"]
[EventCountry "GER"]
[SourceTitle "EXT 2006"]
[Source "ChessBase"]
[SourceDate "2005.11.24"]
[SourceVersion "1"]
[SourceVersionDate "2005.11.24"]
[SourceQuality "1"]

1. c4 Nf6 2. Nc3 e6 3. d4 Bb4 4. Qc2 0-0 5. Nf3 c5 6. Bg5 Nc6 7. dxc5 Bxc5 8. e3 b6 9. Be2 Bb7 10. 0-0 Be7 11. Rfd1 Nh5 12. Bxe7 Qxe7 13. Qd2 Nf6 14. Qd6 Rfd8 15. Nb5 Ne4 16. Qxe7 Nxe7 17. Nd6 Nxd6 18. Rxd6 Nf5 19. Rd2 d5 20. Rad1 Ne7 21. cxd5 exd5 22. Nd4 Ng6 23. Rc2 Rac8 24. Rdc1 Rxc2 25. Rxc2 Rc8 26. Rxc8+ Bxc8 27. Bf3 Be6 28. Kf1 Kf8 29. b3 Ne5 30. h3 a5 31. Ke2 Ke7 32. Kd2 Kd6 33. Kc3 Kc5 34. a3 h6 35. Bd1 Bd7 36. Be2 Nc6 37. Nxc6 Bxc6 38. h4 f6 39. b4+ axb4+ 40. axb4+ Kd6 1/2-1/2

[Event "Bergheim op"]
[Site "Bergheim"]
[Date "2003.09.12"]
[Round "3"]
[White "Koellner, Ulrich"]
[Black "Eckert, Jan Henning"]
[Result "1/2-1/2"]
[WhiteElo "1687"]
[BlackElo "1909"]
[PlyCount "41"]
[EventDate "2003.09.11"]
[EventType "swiss"]
[EventRounds "7"]
[EventCountry "GER"]
[SourceTitle "EXT 2006"]
[Source "ChessBase"]
[SourceDate "2005.11.24"]
[SourceVersion "1"]
[SourceVersionDate "2005.11.24"]
[SourceQuality "1"]

1. d4 Nf6 2. c4 g6 3. Nc3 Bg7 4. e4 d6 5. f3 0-0 6. Bg5 c6 7. Qd2 e5 8. Nge2 Nbd7 9. d5 c5 10. Ng3 a6 11. Be2 Qe8 12. h4 h5 13. 0-0-0 Nh7 14. Be3 Rb8 15. Rdf1 Ndf6 16. f4 exf4 17. Bxf4 Qe7 18. Re1 Nd7 19. Bxh5 gxh5 20. Nf5 Qf6 21. Bxd6 1/2-1/2